[Event "Izhevsk Corporation Cup 6th"]
[Site "Izhevsk"]
[Date "2014.07.20"]
[Round "8"]
[White "Nikulina, Alena"]
[Black "Orolov, Otabek"]
[Result "1/2-1/2"]
[WhiteElo "2047"]
[BlackElo "1539"]
[PlyCount "100"]
[EventDate "2014.07.12"]
[EventType "swiss"]
[EventRounds "9"]
[EventCountry "RUS"]
[SourceTitle "CBM 161 Extra"]
[Source "ChessBase"]
[SourceDate "2014.08.29"]
[SourceVersion "1"]
[SourceVersionDate "2014.08.29"]
[SourceQuality "1"]

1. e4 e6 2. d4 d5 3. e5 c5 4. c3 Nc6 5. Nf3 cxd4 6. cxd4 Bb4+ 7. Bd2 Bxd2+ 8. Qxd2 Nge7 9. Bd3 Qb6 10. Nc3 Bd7 11. Nb5 0-0 12. h4 Qa5 13. Nc3 f6 14. exf6 Rxf6 15. h5 Nf5 16. g4 Nfxd4 17. Nxd4 Nxd4 18. Bxh7+ Kxh7 19. Qxd4 Qb6 20. Qd2 Raf8 21. Rh2 Qd6 22. Rg2 Qe5+ 23. Qe2 Qg5 24. Rd1 Bc6 25. b4 b6 26. Nb5 d4 27. Qc2+ d3 28. Rxd3 Be4 29. Nc3 Bxd3 30. Qxd3+ Kg8 31. Ne2 Qe5 32. Qd4 Qxd4 33. Nxd4 Rf4 34. Nc6 a6 35. g5 Re8 36. Kd2 e5 37. Kd3 Re6 38. b5 axb5 39. Na7 Ra4 40. Nxb5 Rxa2 41. Ke4 Rc6 42. Rg3 Ra4+ 43. Kf5 Rf4+ 44. Kxe5 Rxf2 45. Nd4 Rc5+ 46. Ke4 Rc8 47. Rb3 Re8+ 48. Kd5 Rd2 49. Rb4 Kf7 50. g6+ Kf6 1/2-1/2

[Event "Izhevsk Corporation Cup 6th"]
[Site "Izhevsk"]
[Date "2014.07.15"]
[Round "4"]
[White "Orolov, Otabek"]
[Black "Popov, Alexey"]
[Result "0-1"]
[WhiteElo "1539"]
[BlackElo "2120"]
[PlyCount "52"]
[EventDate "2014.07.12"]
[EventType "swiss"]
[EventRounds "9"]
[EventCountry "RUS"]
[SourceTitle "CBM 161 Extra"]
[Source "ChessBase"]
[SourceDate "2014.08.29"]
[SourceVersion "1"]
[SourceVersionDate "2014.08.29"]
[SourceQuality "1"]

1. d4 d5 2. Nf3 Nf6 3. e3 e6 4. Bd3 b6 5. 0-0 Bb7 6. Nbd2 Bd6 7. Re1 Ne4 8. c4 0-0 9. Qc2 f5 10. b3 Rf6 11. Ne5 Rh6 12. cxd5 exd5 13. f4 Rxh2 14. Ndf3 Rh6 15. Bxe4 fxe4 16. Ng5 Rf6 17. Ng4 Rg6 18. Ne5 Bxe5 19. dxe5 h6 20. Nf3 Rc6 21. Qf2 exf3 22. Qxf3 Rc2 23. g3 Qe7 24. Rf1 Qe6 25. g4 d4 26. e4 Bxe4 0-1

[Event "Samara Polugaevsky Memorial 4th"]
[Site "Samara"]
[Date "2014.07.06"]
[Round "5"]
[White "Skatchkov, Valery"]
[Black "Orolov, Otabek"]
[Result "0-1"]
[WhiteElo "1799"]
[BlackElo "1539"]
[PlyCount "62"]
[EventDate "2014.07.02"]
[EventType "swiss"]
[EventRounds "9"]
[EventCountry "RUS"]
[SourceTitle "CBM 161 Extra"]
[Source "ChessBase"]
[SourceDate "2014.08.29"]
[SourceVersion "1"]
[SourceVersionDate "2014.08.29"]
[SourceQuality "1"]

1. d4 d5 2. c4 e6 3. Nf3 Nf6 4. g3 c6 5. Bg2 Bd6 6. 0-0 Bd7 7. Nc3 dxc4 8. e4 Be7 9. Bf4 0-0 10. Ne5 b5 11. a3 a5 12. d5 cxd5 13. exd5 Ra6 14. Re1 Nxd5 15. Nxd5 exd5 16. Bxd5 Be6 17. Bxe6 Rxe6 18. Qf3 Bf6 19. Rad1 Qb6 20. Nxf7 Rxe1+ 21. Rxe1 Qc6 22. Qh5 Rxf7 23. Bxb8 Bxb2 24. Ba7 Bxa3 25. Ra1 Rxa7 26. Rxa3 Re7 27. Rf3 g6 28. Qg4 c3 29. Qf4 Qe8 30. Kg2 Rf7 31. Qg4 Qa8 0-1

[Event "Samara Polugaevsky Memorial 4th"]
[Site "Samara"]
[Date "2014.07.02"]
[Round "1"]
[White "Murtazin, Bulat"]
[Black "Orolov, Otabek"]
[Result "1-0"]
[WhiteElo "2153"]
[BlackElo "1539"]
[PlyCount "37"]
[EventDate "2014.07.02"]
[EventType "swiss"]
[EventRounds "9"]
[EventCountry "RUS"]
[SourceTitle "CBM 161 Extra"]
[Source "ChessBase"]
[SourceDate "2014.08.29"]
[SourceVersion "1"]
[SourceVersionDate "2014.08.29"]
[SourceQuality "1"]

1. d4 d5 2. c4 e6 3. Nc3 Nf6 4. cxd5 exd5 5. Bg5 c6 6. e3 h6 7. Bf4 Nbd7 8. Bd3 Be7 9. h3 0-0 10. Nf3 Re8 11. Qc2 Nf8 12. 0-0-0 Ne6 13. g4 b5 14. Ne2 Nxf4 15. Nxf4 Bb7 16. g5 hxg5 17. Nxg5 Qa5 18. Bh7+ Kf8 19. Qg6 1-0